Journal of Bangladesh College of Physicians & Surgeons

Bibliographic Details
Corporate Author: Bāṃlādeśa Kaleja aba Phijisiẏānasa eṇḍa Sārjanasa
Format: Electronic Journal
Language:English
Published: Mohakhali, Dhaka : Bangladesh College of Physicians and Surgeons, [1983]-
Subjects:
Online Access:Full text available from Research Library: 01/01/2006 to present

MARC

LEADER 00000nas a2200000 a 4500
001 ssj0000314535
003 WaSeSS
005 20200512172242.0
006 m d
007 cr n
008 871205c19839999bg fr p s 0 a0eng
010 |a sn 87026463  
016 7 |a 8711535  |2 DNLM 
016 7 |a SR0056605  |2 DNLM 
022 |l 1015-0870  |y 1015-0870 
035 |a (WaSeSS)ssj0000314535 
040 |a NLM  |b eng  |c NLM  |d NSD  |d NLM  |d OCLCQ  |d HUL  |d CUS  |d OCLCF  |d OCLCO  |d OCLCQ  |d OCLCO  |d RDF  |d OCLCO  |d OCLCQ  |d OCLCO  |d OCLCA  |d WaSeSS 
042 |a nsdp  |a msc 
050 1 4 |a R97 
060 0 0 |a W1  |b JO552 
210 0 |a J. Bangladesh Coll. Phys. Surg. 
222 0 |a Journal of Bangladesh College of Physicians & Surgeons 
245 0 0 |a Journal of Bangladesh College of Physicians & Surgeons  |h [electronic resource]. 
246 1 0 |a Journal of Bangladesh College of Physicians and Surgeons 
246 1 7 |a Journal of BCPS 
260 |a Mohakhali, Dhaka :  |b Bangladesh College of Physicians and Surgeons,  |c [1983]- 
310 |a Twice a year 
362 0 |a Vol. 1, no. 1 (Aug. 1983)- 
506 |a License restrictions may limit access. 
650 0 |a Medicine  |v Periodicals. 
650 0 |a Surgery  |v Periodicals. 
650 7 |a Medicine.  |2 fast  |0 (OCoLC)fst01014893 
650 7 |a Surgery.  |2 fast  |0 (OCoLC)fst01139351 
650 2 |a General Surgery. 
650 2 |a Medicine. 
655 0 |a Electronic journals. 
710 2 |a Bāṃlādeśa Kaleja aba Phijisiẏānasa eṇḍa Sārjanasa. 
850 |a DNLM 
856 4 0 |z Full text available from Research Library: 01/01/2006 to present  |u https://search.proquest.com/publication/616401